000
00290nam a22001337a 4500
008
181012b xxu||||| |||| 00| 0 eng d
020
_a
9780071622424
041
_a
eng
080
_2
8th
_a
616.15
100
_a
9
101
_a
HEM
245
_a
Hematology
_c
Lichtman,M.A
942
_2
udc
_c
BK
999
_c
49550
_d
49550